| 000 | 00571nam a2200193Ia 4500 | ||
|---|---|---|---|
| 005 | 20250508164431.0 | ||
| 008 | 008 250505s9999 xx 000 0 hin d | ||
| 020 | _a978-81-7119-186-4 | ||
| 037 | _aTextual | ||
| 040 |
_aFEDL _beng _cFEDL |
||
| 041 |
_ahin _2eng |
||
| 084 |
_aB, RAH _qFEDL |
||
| 100 |
_aRahul Vangmaya _9778142 |
||
| 245 | 0 | _aJeevan yatra, Part 2 : Jeevani aur sansmaran, 4 V | |
| 260 |
_aNew Delhi, India _bRadha Krishan Prakashan Private Limited _c2008 |
||
| 365 |
_aINR _b2000 |
||
| 942 |
_cTEXL _hB, RAH |
||
| 999 |
_c1389116 _d1389116 |
||